| 000 | 00386nam a22001697a 4500 | ||
|---|---|---|---|
| 003 | CEME | ||
| 005 | 20210628203023.0 | ||
| 008 | 210128b xxu||||| |||| 00| 0 eng d | ||
| 020 | _a1-84195-716-X | ||
| 040 | _c. | ||
| 082 | _a201.309 ARM | ||
| 100 |
_aArmstrong,Karen _99646 |
||
| 245 | _aA short history of myth | ||
| 260 |
_aUSA _bPDF _c2005 |
||
| 300 | _a159P | ||
| 942 |
_cBK _2ddc |
||
| 999 |
_c571865 _d571865 |
||